Construcción de un dispositivo para el entrenamiento de perros con pulsos de alta frecuencia y alta potencia
Na minha lista:
| Autor principal: | |
|---|---|
| Outros Autores: | |
| Formato: | Livro |
| Idioma: | Spanish |
| Publicado em: |
[San José], Costa Rica
2013
|
| Assuntos: | |
| Tags: |
Adicionar Tag
Sem tags, seja o primeiro a adicionar uma tag!
|
MARC
| LEADER | 00000nam a22000007a 4500 | ||
|---|---|---|---|
| 003 | 011936 | ||
| 005 | 20230818081030.0 | ||
| 008 | 150310b2013 cr a|||| |||| 00| ||spa d | ||
| 040 | |c cru CEDI | ||
| 100 | |9 1128 |a Viaud Trejos, Rafael Alfonso, 1969- | ||
| 245 | |a Construcción de un dispositivo para el entrenamiento de perros con pulsos de alta frecuencia y alta potencia | ||
| 260 | |a [San José], Costa Rica |c 2013 | ||
| 300 | |a viii, 19 páginas : ilustraciones | ||
| 500 | |a Proyecto de graduación (bachillerato en ingeniería eléctrica)--Universidad de Costa Rica. Facultad de Ingeniería. Escuela de Ingeniería Eléctrica | ||
| 501 | |a Profesora Guía de IE-0499 Proyecto Eléctrico: Ingeniero Adolfo Santana Rey, Magister | ||
| 650 | |x DISPOSITIVOS ELECTROMECANICOS |x MICROELECTRONICA |x CIRCUITOS ELECTRONICOS |x ELECTRONICA - APARATOS E INSTRUMENTOS |x ELECTRONICA DIGITAL |9 416 | ||
| 700 | |9 1129 |a Santana Rey, Adolfo, 1969- |d Director de Proyecto Eléctrico | ||
| 942 | |c CEDI |h TFG 7102 |6 TFG_7102_000000000000000 | ||
| 999 | |c 13679 |d 13679 | ||
